| 000 | 00591nam a2200229 i 4500 | ||
|---|---|---|---|
| 001 | bgj | ||
| 100 | 1 | _aPULVER, Elsbeth. | |
| 245 | 1 | 0 |
_aMarie Luise Kaschnitz / _cElsbeth Pulver. |
| 260 |
_aMünchen : _bBeck ; Verlag Edition Text und Kritik, _c1984. |
||
| 300 |
_a174, [1] s. ; _c18 cm. |
||
| 490 | 1 |
_aAutorenbücher _v40 |
|
| 650 | 9 | _aLiteratura niemiecka | |
| 830 | _aAutorenbücher | ||
| 020 | _a3406301452 | ||
| 040 | _cBPK | ||
| 041 | 0 | _ager | |
| 044 | _aDEU | ||
| 080 | _a821.112.2 | ||
| 920 | _a3-406-30145-2 | ||
| 942 | _cKS | ||
| 008 | s gw f |000 0 ger | ||
| 999 |
_c50324 _d50324 |
||
| 856 |
_uhttp://koha.tu.koszalin.pl/cgi-bin/koha/opac-detail.pl?biblionumber=50324 _yKatalog online BPK |
||